| 000 | 00412cam a2200169ua 4500 | ||
|---|---|---|---|
| 020 | _c$1.50 | ||
| 041 |
_aeng _h |
||
| 082 |
_a541.3 _bKIT/PH |
||
| 100 | _aKittsley, Scott L . | ||
| 245 |
_aPhysical chemistry / _cScott L Kittsley. _hTextual Documents |
||
| 260 |
_aNew York : _bBarnes & Noble , _c1961. |
||
| 300 | _a209 ; . | ||
| 365 | _a$1.50 | ||
| 504 | _a | ||
| 942 | _cBK | ||
| 999 |
_c10763 _d10763 |
||